Obscure Knowledge - US Presidents Quiz Stats

 Plays Quiz Updated Sep 25, 2018

Also try: US Presidents
Challenge
Share
Tweet
Embed
Score 0/44 Timer 02:00
32 Plays Today
Percent Guessed Surname % Correct
98.2%???
100%
95.3%???
97.3%
94.1%???
96.3%
93.7%???
95.7%
93.1%???
95.6%
92.5%???
95.4%
92.3%???
95.4%
92.2%???
94.9%
91.9%???
93.8%
91.4%???
93.6%
91.0%???
93.4%
90.8%???
93.4%
90.6%???
93.2%
87.4%???
93%
86.8%???
92.9%
86.7%???
92.9%
85.4%???
91.5%
82.8%???
91.2%
82.6%???
90.5%
81.1%???
89.9%
80.2%???
89.6%
78.7%???
89.1%
Percent Guessed Surname % Correct
78.1%???
87.3%
77.4%???
86.5%
75.8%???
85.1%
75.2%???
84.8%
75.1%???
82.3%
72.4%???
81.5%
71.7%???
81.5%
71.6%???
80.8%
70.8%???
76.8%
70.4%???
75.3%
68.4%???
69.6%
66.9%???
67.7%
66.3%???
63.9%
65.8%???
62.1%
65.4%???
59.2%
65.2%???
56%
60.4%???
51%
59.4%???
47%
58.4%???
36.7%
57.4%???
28%
56.2%???
23.6%
55.0%???
14.4%

You're not logged in!

Compare scores with friends on all Sporcle quizzes.
OR
Log In

You Might Also Like...

Show Comments

Extras

Top Quizzes Today


Score Distribution

Your Account Isn't Verified!

In order to create a playlist on Sporcle, you need to verify the email address you used during registration. Go to your Sporcle Settings to finish the process.

Report this User

Report this user for behavior that violates our Community Guidelines.

Details: